000 00294nam a22001337a 4500
008 170601b xxu||||| |||| 00| 0 eng d
020 _a0393056880
041 _aeng
080 _a94
100 _a17
101 _aSHH
245 _aA PRIMER FOR POLICY ANALYSIS
_cSTOKEY ,E
942 _2udc
_cBK
999 _c15472
_d15472